Reflexia ekonomických opatrení v kúpeľníctve Slovenskej republiky

Kúpeľníctvo ako jedna z priorít hospodárskeho rozvoja Slovenskej republiky. Ekonomické opatrenia v kúpeľníctve v podobe štátnych zásahov. Podpora podnikateľských aktivít. Hospodárenie kúpeľných podnikov. Zdravotnícka reforma a zmeny v hospodárení kúpeľníckych podnikov.

Saved in:
Bibliographic Details
Main Author: Eliašová, Darina
Format: Book Chapter
Language:Slovak
Subjects:
Tags: Add Tag
No Tags, Be the first to tag this record!

MARC

LEADER 00000naa$a2200000$$$4500
001 0026307
005 20240502071425.2
041 0 |a slo 
044 |a SK 
245 1 0 |a Reflexia ekonomických opatrení v kúpeľníctve Slovenskej republiky  |c Darina Eliašová 
520 |a Kúpeľníctvo ako jedna z priorít hospodárskeho rozvoja Slovenskej republiky. Ekonomické opatrenia v kúpeľníctve v podobe štátnych zásahov. Podpora podnikateľských aktivít. Hospodárenie kúpeľných podnikov. Zdravotnícka reforma a zmeny v hospodárení kúpeľníckych podnikov. 
610 2 0 |a kúpeľníctvo 
610 2 0 |a podnik 
610 2 0 |a zdravotníctvo 
610 2 0 |a reformy sociálne 
610 2 0 |a investície 
610 2 0 |a hospodárenie finančné 
100 1 |a Eliašová, Darina